000 00706nam a2200289Ia 4500
005 20260324135759.0
008 008 260324s9999 xx 000 0 eng d
020 _a9781315186016
037 _aEBOOK
040 _aCRL
040 _beng
040 _cCRL
041 _2eng
041 _aeng
084 _qCRL
100 _aPeter Gill
_91201889
245 0 _aRounding Up the Usual Suspects?
245 0 _bDevelopments in Contemporary Law Enforcement Intelligence
260 _bTaylor and Francis
260 _c2000
365 _a
365 _b65.99
856 _uhttp://www.taylorfrancis.com/books/9781315186016
942 _cEBOOK
999 _c1803322
_d1803322